Disney Villains - Picture Click Quiz - Statistics

General Stats
  • This quiz has been taken 2,159 times
  • The average score is 19 of 25
Answer Stats
Hint Extra Hint Answer % Correct
Captain Hook Click on the correct character
95%
Maleficent Click on the correct character
95%
Ursula Click on the correct character
94%
Cruella de Vil Click on the correct character
92%
Scar Click on the correct character
90%
Jafar Click on the correct character
88%
The Evil Queen Click on the correct character
87%
Prince Hans Click on the correct character
86%
Hades Click on the correct character
84%
Gaston Click on the correct character
83%
Shan Yu Click on the correct character
81%
Queen of Hearts Click on the correct character
76%
Mother Gothel Click on the correct character
76%
Shere Khan Click on the correct character
72%
Mad Madam Mim Click on the correct character
71%
Lady Tremaine Click on the correct character
67%
Yzma Click on the correct character
66%
Tamatoa Click on the correct character
65%
Dr. Facilier Click on the correct character
63%
Judge Claude Frollo Click on the correct character
62%
Prince John Click on the correct character
61%
William Clayton Click on the correct character
53%
"Honest" John Click on the correct character
51%
Governor Ratcliffe Click on the correct character
49%
Edgar Balthazar Click on the correct character
46%
No matching quizzes found
Score Distribution
Percent of People with Each Score
Percentile by Number Answered
Your Score History
You have not taken this quiz